000 00961nam a2200289 i 4500
001 bg
100 1 _aRynarzewski, Tomasz.
245 1 0 _aMiędzynarodowe stosunki gospodarcze :
_bteoria wymiany i polityki handlu międzynarodowego /
_cTomasz Rynarzewski, Anna Zielińska-Głębocka.
250 _aDodr.
260 _aWarszawa :
_bWydawnictwo Naukowe PWN,
_c2008.
300 _a453, [1] s. :
_bil. ;
_c24 cm.
504 _aBibliogr. s. 429-440 oraz przy rozdz. Indeks.
521 8 _aPodręcznik akademicki.
650 9 _aHandel międzynarodowy
_xteoria
655 _aPodręczniki akademickie
700 1 _aZielińska-Głębocka, Anna.
015 _aPB 2430/2007
020 _a9788301149352
040 _cBPK
041 _apol
044 _aPOL
080 _a339.5(075.8)
920 _a978-83-01-14935-2
942 _cKS
008 090731s2006 pl a f f |001 0 pol c
999 _c56553
_d56553
856 _uhttp://koha.tu.koszalin.pl/cgi-bin/koha/opac-detail.pl?biblionumber=56553
_yKatalog online BPK